Populismo e ideología /

Na minha lista:
Detalhes bibliográficos
Autor principal: Ipola, Emilio de
Formato: Texto
Assuntos:
Tags: Adicionar Tag
Sem tags, seja o primeiro a adicionar uma tag!

MARC

LEADER 00000 a a2200000 04500
001 44279
003
040
100 |a Ipola, Emilio de  
245 |a Populismo e ideología /  |c Emilio de Ipola  
650 |a IDEOLOGIAS  
650 |a GOBIERNO  
773 |g volumen41, número3 ( , 1979), Páginas 925-960  
999 |c 35352  |d 35352